MARC

LEADER 00000nam0a2200000 4500
001 20228
005 20231101205337.0
035 |a (RuTPU)RU\TPU\book\20406 
035 |a BOOK00020477 
090 |a 20228 
100 |a 20011209d1979 km y0rusy50 ca 
101 0 |a rus 
102 |a RU 
105 |a y z 000zb 
200 1 |a Блез Паскаль  |f Г. Я. Стрельцова 
210 |a Москва  |c Мысль  |d 1979 
215 |a 237 с. 
225 1 |a Мыслители прошлого 
600 1 |a Паскаль  |g Блез  |f 1623 - 1662  |b Б.  |c французский математик, физик, христианский философ и писатель  |2 stltpui  |3 (RuTPU)RU\TPU\pers\254 
606 1 |a Французская философия  |x История  |z 17-первая половина 19 в. в.  |2 stltpush  |3 (RuTPU)RU\TPU\subj\64340  |9 81246 
610 1 |a философия 
610 1 |a 17 век 
610 1 |a наука 
610 1 |a естествознание 
675 |a 5(092)  |v 3 
686 |a Ю3(4Фр)5  |v LBC/SL-A  |2 rubbk 
700 1 |a Стрельцова  |b Г. Я.  |g Галина Яковлевна 
801 0 |a RU  |b 63413507  |c 20011209  |g PSBO 
801 2 |a RU  |b 63413507  |c 20160229  |g PSBO 
942 |c BK